000 00543nam a2200205Ia 4500
005 20260429112119.0
008 260429s9999||||xx |||||||||||||| ||und||
020 _a9788120417649
041 _aEnglish
082 _a382
_bVAI
100 _aVaish, M. C.
245 0 _aInternational economics /
_cM. C. Vaish
250 _a9th ed.
260 _aNew Delhi :
_bOxford and IBH Publishing Co. Pvt. Ltd.,
_c2024.
300 _axii, 508 p.; pbk
650 _a International
650 _aEconomics
700 _a Singh, Sudama
942 _cTB
999 _c52420
_d52420